002470000a220007300045001000023000002450101000230410013001247730036001371 aMurcía, Carolina10aEffect of floral morphology and temperature on pollen receipt and removal in Ipomoea Trichocarpa0 aInglés1 tEcologyh3q1098-1109d1990g71